| 000 | 00524nam a2200157Ia 4500 | ||
|---|---|---|---|
| 008 | 230907s9999||||xx |||||||||||||| ||und|| | ||
| 082 |
_a621.3 _bQUR |
||
| 100 |
_aQuratulain Jamil (00000274737) _9116648 |
||
| 245 | 0 | _aExperimental Investigation of the effects of Potential Induced Degradation of Poly-crystalline Photovoltaic Modules / | |
| 260 |
_aUSPCAS-E, NUST, _bIslamabad : _c2021 |
||
| 300 | _axiii, 88 p. | ||
| 520 | _aTH-318 | ||
| 650 | _aMS-ESE Thesis | ||
| 700 |
_aDr Nadia Shahzad _9117122 |
||
| 942 |
_cTHE _2ddc |
||
| 999 |
_c601996 _d601996 |
||